000 00702nam a22001817a 4500
999 _c371583
_d371583
008 201127b ||||| |||| 00| 0 eng d
040 _aDE-2950
_bger
_cDE-2950
_erda
041 _ager
245 _aOBs aus Brandenburg für Frankfurt.
_bZukunftszentrum: Andere kreisfreie Städte stellen sich hinter die Bewerbung der Oderstadt und hoffen, ebenfalls zu profitieren/
_cred
264 _c2022
653 _aFrankfurt (Oder)
653 _aZukunftszentrum
773 _dFrankfurt (Oder) Märkisches Verlags- und Druckhaus GmbH & Co KG
_tMärkische Oderzeitung
_g33. Jahrgang (2022) Nr. 94 vom 23/24.04.2022, S. 15
942 _cA